| 000 | 00602nam a22002057a 4500 | ||
|---|---|---|---|
| 999 |
_c3778 _d3778 |
||
| 003 | AR-CdUCM | ||
| 008 | 190307b ||||| |||| 00| 0 spa d | ||
| 020 | _a84-8374-231-4 | ||
| 040 |
_aMUNICIPALIDAD PROVINCIAL DEL CUSCO _cBIBLIOTECA MUNICIPAL DEL CUSCO |
||
| 082 |
_a879.56 / _bP78 |
||
| 100 |
_aPortocarrero, Elena _912206 |
||
| 245 | _aEl pirata, un gato, y el tiempo / | ||
| 260 |
_aMadrid : _bHuerga y Fierro Editores, _c2001. |
||
| 300 |
_a140 paginas ; _c22 cm. |
||
| 500 | _aDedicatoria | ||
| 650 |
_aCuentos peruanos _97 |
||
| 650 |
_aSiglo XX. _98 |
||
| 942 |
_2ddc _cLIBROS |
||
| 945 | _aacv | ||